Countries that End with R - Statistics

General Stats
  • This quiz has been taken 94 times
  • The average score is 4 of 7
Answer Stats
Continent Country % Correct
South America Ecuador
90%
Africa Niger
71%
North America El Salvador
65%
Asia East Timor
51%
Asia Myanmar
49%
Asia Qatar
48%
Africa Madagascar
36%
No matching quizzes found
Score Distribution
Percent of People with Each Score
Percentile by Number Answered
Your Score History
You have not taken this quiz